Представление документа в формате RUSMARC

ПолеНазваниеЗначение
  Тип записи a
  Библиографический уровень m
001 Контрольный номер RU/CBS_UL/BASE/6e73a147859e44b79b4ce963d4c153e6
005 Дата корректировки 20260127151920.3
010 Индекс ISBN __
b Уточнения в пер.
d Цена 98 р. 00 к.
9 Тираж экз.
a ISBN
100 Данные общей обработки __
a Данные общей обработки 20260127d 0rusy0189## ca
101 Язык документа 0_
a Язык текста rus
102 Страна публикации __
a Страна публикации RU
200 Заглавие и сведения об ответственности 1_
a Заглавие Сто великих изобретений
f Первые сведения об ответственности К. В. Рыжов
210 Выходные данные 1_
a Место издания Москва
c Издательство ВЕЧЕ
d Дата издания 2004
215 Физическое описание __
a Объем 527 с.
d Формат см.
c Иллюстрации/тип воспроизводства ил.
225 Серия 2_
a Серия 100 великих
300 Общие примечания __
a Общие примечания 16+
300 Общие примечания __
a Общие примечания Под инв. номером 97932: 1-1, 11-1
606 Тематические рубрики 0_
a Основная рубрика Техника - История
610 Ключевые слова 0_
a Ключевые слова техника; открытия научные; изобретения великие; изобретатели; первооткрыватели
686 Индексы других классификаций __
2 Код системы rubbk
a Классификационный индекс 30г
700 Автор _1
a Фамилия Рыжов
b Имя (инициалы) К. В.
g Полное личное имя Константин Владиславович
801 Источник записи _0
a Страна RU
b Организация МБУК ЦБС г. Ульяновска
c Дата составления 20260127
g Правила каталогизации RCR
801 Источник записи _1
a Страна RU
b Организация МБУК ЦБС г. Ульяновска
c Дата составления 20260127
g Правила каталогизации RCR
852 Данные о местонахождении __
i Авторский знак Р 93
j Шифр хранения 30
901 Тип документа __
t Тип документа m
909 Создатель записи __
a Создатель записи obr2
b Дата создания записи 20260127